Acteurs français #1 - Statistiques

Statistiques générales
  • Ce quiz a été pris 879 fois
  • Le résultat moyen est 12 sur 16
Statistiques - réponses
Par images Réponse % Correct
Pierre Niney
97%
Gérard Depardieu
96%
Louis de Funès
96%
Jean Dujardin
95%
Alain Chabat
84%
François Civil
82%
Jean Reno
81%
Marion Cotillard
79%
Gilles Lellouche
76%
Michel Blanc
71%
Brigitte Bardot
69%
Thierry Lhermitte
66%
Catherine Deneuve
64%
François Cluzet
61%
Jean Gabin
43%
Miou-Miou
25%
Aucun quiz correspondant
Distribution des résultats
% des personnes avec chaque résultat
Percentile par nombre de réponses
Votre historique - résultats
Vous n’avez pas pris ce quiz